|
|
|
|
| LEADER |
00000cam a2200000 7i4500 |
| 001 |
0000001500 |
| 005 |
20010717.0 |
| 020 |
0 |
0 |
|a 2872631224
|
| 090 |
0 |
0 |
|a 634.9213
|b PEU 1997
|
| 245 |
0 |
4 |
|a Les PEUPLES des forets tropicales :
|b Systemes traditionnels et developpement rural en Afrique equatoriale, grande Amazonie et Asia du sud-est
|
| 260 |
0 |
0 |
|a Brussels, Belgium :
|b Institut de Sociologie ,
|c 1997
|
| 300 |
|
|
|a 255 p. :
|b ill. ;
|c 24 cm.
|
| 440 |
0 |
0 |
|a Civilizations ; v. xliv, n. 1-2
|
| 500 |
0 |
0 |
|a Bibliography : p. 238-252
|
| 650 |
0 |
0 |
|a Forest management
|x Citizen participation
|
| 650 |
0 |
0 |
|a Forests and forestry
|
| 998 |
|
|
|a JPSM
|
| 999 |
|
|
|a 0000002409
|b Monograph
|c Open Shelf
|e Default branch
|